Smart cameras / (Record no. 32974)

000 -LEADER
fixed length control field 01628cam a22004937a 4500
001 - CONTROL NUMBER
control field 7769968
003 - CONTROL NUMBER IDENTIFIER
control field OSt
005 - DATE AND TIME OF LATEST TRANSACTION
control field 20210907114911.0
006 - FIXED-LENGTH DATA ELEMENTS--ADDITIONAL MATERIAL CHARACTERISTICS
fixed length control field m d
007 - PHYSICAL DESCRIPTION FIXED FIELD--GENERAL INFORMATION
fixed length control field cr n
008 - FIXED-LENGTH DATA ELEMENTS--GENERAL INFORMATION
fixed length control field 090515s2010 nyua sb 001 0 eng d
015 ## - NATIONAL BIBLIOGRAPHY NUMBER
National bibliography number GBA977108
Source bnb
015 ## - NATIONAL BIBLIOGRAPHY NUMBER
National bibliography number 09N232095
Source dnb
016 7# - NATIONAL BIBLIOGRAPHIC AGENCY CONTROL NUMBER
Record control number 015342055
Source Uk
020 ## - INTERNATIONAL STANDARD BOOK NUMBER
International Standard Book Number 9781441909527 (hbk.)
035 ## - SYSTEM CONTROL NUMBER
System control number (WaSeSS)ssj0000315624
038 ## - RECORD CONTENT LICENSOR
Staff Name khadija
040 ## - CATALOGING SOURCE
Original cataloging agency UKM
Transcribing agency UKM
Modifying agency CDX
-- YDXCP
-- DEBBG
-- DLC
-- WaSeSS
042 ## - AUTHENTICATION CODE
Authentication code ukblcatcopy
-- lccopycat
050 #4 - LIBRARY OF CONGRESS CALL NUMBER
Classification number TA1634
Item number .S68 2010
050 #4 - LIBRARY OF CONGRESS CALL NUMBER
Classification number TA1634
082 04 - DEWEY DECIMAL CLASSIFICATION NUMBER
Classification number 006.37
Edition number 22
Author Mark SMA
084 ## - OTHER CLASSIFICATION NUMBER
Classification number DAT 760f
Number source stub
084 ## - OTHER CLASSIFICATION NUMBER
Classification number FEI 740f
Number source stub
100 ## - MAIN ENTRY--PERSONAL NAME
Personal name Belbachir, Ahmed Nabil
9 (RLIN) 82240
210 10 - ABBREVIATED TITLE
Abbreviated title Smart cameras
245 00 - TITLE STATEMENT
Title Smart cameras /
Statement of responsibility, etc. Ahmed Nabil Belbachir, editor.
260 ## - PUBLICATION, DISTRIBUTION, ETC.
Place of publication, distribution, etc. London ;
-- New York :
Name of publisher, distributor, etc. Springer,
Date of publication, distribution, etc. c2010.
504 ## - BIBLIOGRAPHY, ETC. NOTE
Bibliography, etc. note Includes bibliographical references and index.
506 ## - RESTRICTIONS ON ACCESS NOTE
Terms governing access License restrictions may limit access.
563 ## - BINDING INFORMATION
Binding note hardcover
650 #0 - SUBJECT ADDED ENTRY--TOPICAL TERM
Topical term or geographic name entry element Computer vision.
9 (RLIN) 2862
650 #0 - SUBJECT ADDED ENTRY--TOPICAL TERM
Topical term or geographic name entry element Cameras.
9 (RLIN) 82241
650 07 - SUBJECT ADDED ENTRY--TOPICAL TERM
Topical term or geographic name entry element Eingebettetes System.
Source of heading or term swd
9 (RLIN) 81621
650 07 - SUBJECT ADDED ENTRY--TOPICAL TERM
Topical term or geographic name entry element Intelligente Kamera.
Source of heading or term swd
9 (RLIN) 82242
650 07 - SUBJECT ADDED ENTRY--TOPICAL TERM
Topical term or geographic name entry element Maschinelles Sehen.
Source of heading or term swd
9 (RLIN) 82243
650 07 - SUBJECT ADDED ENTRY--TOPICAL TERM
Topical term or geographic name entry element Verteiltes System.
Source of heading or term swd
9 (RLIN) 82244
655 #7 - INDEX TERM--GENRE/FORM
Genre/form data or focus term Aufsatzsammlung.
Source of term swd
9 (RLIN) 2047
700 1# - ADDED ENTRY--PERSONAL NAME
Personal name Belbachir, Ahmed Nabil.
9 (RLIN) 82240
773 #0 - HOST ITEM ENTRY
Title SpringerLink ebooks - Engineering (2010)
856 40 - ELECTRONIC LOCATION AND ACCESS
Uniform Resource Identifier <a href="http://www.columbia.edu/cgi-bin/cul/resolve?clio7769968">http://www.columbia.edu/cgi-bin/cul/resolve?clio7769968</a>
Public note Full text available from SpringerLink ebooks - Engineering (2010)
910 ## - USER-OPTION DATA (OCLC)
User-option data Library of Congress record
942 ## - ADDED ENTRY ELEMENTS (KOHA)
Source of classification or shelving scheme
Koha item type Book
Holdings
Withdrawn status Lost status Source of classification or shelving scheme Damaged status Not for loan Permanent Location Current Location Shelving location Date acquired Full call number Barcode Date last seen Price effective from Koha item type Public note
          School of Mechanical & Manufacturing Engineering (SMME) School of Mechanical & Manufacturing Engineering (SMME) General Stacks 12/15/2015 006.37 SMA SMME-1900 03/29/2018 12/15/2015 Book Rack,52-Shelf,4
© 2023 Central Library, National University of Sciences and Technology. All Rights Reserved.